Nie je všetko zlato, čo sa blyští. Nástupníctvo Slovenska v medzinárodných menových a finančných inštitúciách.

Spracované podľa materiálov ministerstiev financií SR a ČR. Informácia o nástupníctve Slovenska v medzinárodných menových inštitúciách, ktoré sú rozhodujúce pre vstup zahraničného kapitálu do slovenskej ekonomiky (MMF, Svetová banka, Medzinárodná banka pre obnovu a rozvoj, Európska banka pre obnovu...

Descrizione completa

Salvato in:
Dettagli Bibliografici
Autore principale: Repková, T.
Natura: Capitolo di libro
Lingua:slovacco
Soggetti:
Tags: Aggiungi Tag
Nessun Tag, puoi essere il primo ad aggiungerne!!

MARC

LEADER 00000naa a2200000 4500
001 r011668
005 20220826094236.9
041 0 |a slo 
044 |a [CS] 
245 1 0 |a Nie je všetko zlato, čo sa blyští.  |b Nástupníctvo Slovenska v medzinárodných menových a finančných inštitúciách.  |c T. Repková 
520 |a Spracované podľa materiálov ministerstiev financií SR a ČR. Informácia o nástupníctve Slovenska v medzinárodných menových inštitúciách, ktoré sú rozhodujúce pre vstup zahraničného kapitálu do slovenskej ekonomiky (MMF, Svetová banka, Medzinárodná banka pre obnovu a rozvoj, Európska banka pre obnovu a rozvoj). Delenie členských kvót, čerpanie pôžičky MMF. 
610 2 0 |a Slovensko 
610 2 0 |a kapitál zahraničný 
610 2 0 |a Medzinárodný menový fond 
610 2 0 |a pôžičky 
610 2 0 |a IBRD 
610 2 0 |a Európska banka pre obnovu a rozvoj 
100 1 |a Repková, T.